000 00637nam a2200229Ia 4500
003 OSt
005 20220928102412.0
006 a|||||r|||| 00| 0
007 ta
008 220927b |||||||| |||| 00| 0 eng d
024 _a38933
037 _cTextual
040 _aSDCL
_cSDCL
_beng
041 _2eng
_aeng
082 _aO152:g(w,1), P3
100 _aChaturvede Pankaj
_9398136
245 0 _aAatmkatha ki sanskriti ,sandarbh
_b'Apni Khabar'.
260 _aNew Delhi
_bVani Prakashan
_c2003
300 _a158p.
_ccm.
942 _hO152:g(w,1), P3
_cTEXL
_2CC
999 _c713962
_d713962